000
00346nam a2200157Ia 4500
003
OSt
008
191201s2013 xx 000 0 und d
082
_a
621.381
_b
MAV
100
_a
MANHAS, Pratima
245
0
_a
VLSI Design
250
_a
Rep
260
_a
New Delhi
_b
S.K.Kataria
_c
2013
300
_a
462
650
_a
B.Tech(ECE)
942
_2
ddc
_c
BK
999
_c
103
_d
103